000 00347nam a22001577a 4500
005 20160625115429.0
008 160625b xxu||||| |||| 00| 0 eng d
041 _aeng
082 _b10056
100 _aCharunilam, Francis
_92079
245 _aIndustrial Marketing
260 _bHPI
300 _a375
650 _aManagement
_9241
942 _cBK
999 _c3990
_d3989